Focus sur: Mary Lou Bellebosse - Harry Potter - Statistiques

Statistiques générales
  • Ce quiz a été pris 32 fois
  • Le résultat moyen est 5 sur 8
Statistiques - réponses
Informations recherchées Réponses % Correct
Statut du sang Moldue
96%
Couleur des cheveux Brun
89%
Première apparition Les Animaux Fantastiques 1
89%
Fils adoptive Croyance Bellebosse
70%
Fille adoptive Chasteté Bellebosse
48%
Fille adoptive Modestie Bellebosse
48%
Profession Directrice de la Ligue des Fidèles de Salem
26%
Actrice l'interprétant dans les films Samantha Morton
7%
Aucun quiz correspondant
Distribution des résultats
% des personnes avec chaque résultat
Percentile par nombre de réponses
Votre historique - résultats
Vous n’avez pas pris ce quiz